<?xml version="1.0" encoding="UTF-8"?>
<collection xmlns="http://www.loc.gov/MARC21/slim">
 <record>
  <leader>00905nam a2200265   4500</leader>
  <controlfield tag="001">000020982</controlfield>
  <controlfield tag="003">17429</controlfield>
  <controlfield tag="005">20150331150350.0</controlfield>
  <controlfield tag="008">150331s2004                        viesd</controlfield>
  <datafield tag="020" ind1=" " ind2=" ">
   <subfield code="c">29000</subfield>
  </datafield>
  <datafield tag="041" ind1="0" ind2=" ">
   <subfield code="a">vie</subfield>
  </datafield>
  <datafield tag="082" ind1="1" ind2="4">
   <subfield code="a">193</subfield>
   <subfield code="b">HE-M</subfield>
  </datafield>
  <datafield tag="100" ind1="1" ind2=" ">
   <subfield code="a">Heidegger, Martin</subfield>
  </datafield>
  <datafield tag="245" ind1="1" ind2="0">
   <subfield code="a">Martin Heidegger - Tác phẩm triết học</subfield>
   <subfield code="c">Martin Heidegger ; Trần Công Tiến, Trần Xuân Kiêm, Phạm Công Thiện, Trương Đăng Dung dịch ; Quang Chiến giới thiệu</subfield>
  </datafield>
  <datafield tag="260" ind1=" " ind2=" ">
   <subfield code="b">Đại học sư phạm</subfield>
   <subfield code="c">2004</subfield>
  </datafield>
  <datafield tag="300" ind1=" " ind2=" ">
   <subfield code="a">tr.</subfield>
   <subfield code="c">cm.</subfield>
  </datafield>
  <datafield tag="700" ind1="1" ind2=" ">
   <subfield code="a">Trần Công Tiến,</subfield>
   <subfield code="a">Trần Xuân Kiêm,</subfield>
   <subfield code="a">Phạm Công Thiện</subfield>
   <subfield code="a">Trương Đăng Dung</subfield>
   <subfield code="a">Quang Chiến</subfield>
   <subfield code="e">Dịch</subfield>
   <subfield code="e">Giới thiệu</subfield>
  </datafield>
  <datafield tag="OWN" ind1=" " ind2=" ">
   <subfield code="a">LSP</subfield>
  </datafield>
  <datafield tag="999" ind1=" " ind2=" ">
   <subfield code="a">From the UDN01</subfield>
  </datafield>
  <datafield tag="TYP" ind1=" " ind2=" ">
   <subfield code="a">Monograph</subfield>
  </datafield>
  <datafield tag="TYP" ind1=" " ind2=" ">
   <subfield code="a">Printed language</subfield>
  </datafield>
  <datafield tag="980" ind1=" " ind2=" ">
   <subfield code="a">Mạng thư viện Đại học Đà Nẵng</subfield>
  </datafield>
 </record>
</collection>
